00450nam a2200121 a 450000500170000000800410001705000210005810000180007924500930009794200090019099900170019995201120021620140408090009.0021114s19uu xx 00 eng d aPGS '98bSIS #28 aSison, Mara P aInsights and practices of grade 6 SIS on the uses of the internet school year 1997-1998. cPASS c96132d96132 001040aLUXbLUXcPASSd2002-11-14egiftl0oPGS '98 SIS #28pP0044r2015-08-10 00:00:00w2014-04-08yPASS